| Поле | Название | Значение |
| |
Тип записи |
a |
| |
Библиографический уровень |
m |
| 001 |
Контрольный номер |
e23a860ecd964d299906f7ee3a5265df |
| 005 |
Дата корректировки |
20140606113532.7 |
| 010 |
Индекс ISBN |
__ |
| a |
ISBN |
978-5-9901025-1-4 |
| 101 |
Язык документа |
0_ |
| a |
Язык текста |
rus |
| 102 |
Страна публикации |
__ |
| a |
Страна публикации |
RU |
| 200 |
Заглавие и сведения об ответственности |
1_ |
| a |
Заглавие |
Мировые тенденции развития рынка депозитарных расписок: структура и анализ |
| f |
Первые сведения об ответственности |
Е. Ф. Малова |
| 210 |
Выходные данные |
1_ |
| c |
Издательство |
Дискавери Вест |
| d |
Дата издания |
2006 |
| 215 |
Физическое описание |
__ |
| a |
Объем |
765, [4] с. |
| 610 |
Ключевые слова |
0_ |
| a |
Ключевые слова |
мировые финансы |
| 610 |
Ключевые слова |
0_ |
| a |
Ключевые слова |
ценные бумаги |
| 610 |
Ключевые слова |
0_ |
| a |
Ключевые слова |
рынок капитала |
| 610 |
Ключевые слова |
0_ |
| a |
Ключевые слова |
депозитарные расписки |
| 610 |
Ключевые слова |
0_ |
| a |
Ключевые слова |
зарубежные страны |
| 610 |
Ключевые слова |
0_ |
| a |
Ключевые слова |
США |
| 610 |
Ключевые слова |
0_ |
| a |
Ключевые слова |
Россия |
| 610 |
Ключевые слова |
0_ |
| a |
Ключевые слова |
СНГ |
| 686 |
Индексы других классификаций |
__ |
| a |
Классификационный индекс |
65.526 |
| 2 |
Код системы |
rubbk |
| 686 |
Индексы других классификаций |
__ |
| a |
Классификационный индекс |
65.9(2)262.2 |
| 2 |
Код системы |
rubbk |
| 700 |
Автор |
_1 |
| a |
Фамилия |
Малова |
| b |
Имя |
Е. Ф. |
| 801 |
Источник записи |
_0 |
| a |
Страна |
RU |
| b |
Организация |
РУК |
| c |
Дата составления |
20070525 |
| g |
Правила каталогизации |
PSBO |
| 801 |
Источник записи |
_1 |
| a |
Страна |
RU |
| b |
Организация |
РУК |
| c |
Дата составления |
20070525 |
| g |
Правила каталогизации |
PSBO |
| 852 |
Данные о местонахождении |
__ |
| j |
Шифр хранения |
ББК 65.5 |
| i |
Авторский знак |
М 19 |
| 901 |
Тип документа |
__ |
| t |
Тип документа |
m |
| 912 |
Принадлежность преподавателя к РУК |
__ |
| a |
Принадлежность преподавателя к РУК |
Преподаватель Головного вуза |
| 938 |
Служебная информация |
__ |
| a |
Название организации |
Головной вуз |
| b |
Имя БД |
BOOK |
| c |
Название АИБС |
АИБС ИРБИС |